Boboiboy (Record no. 167103)
[ view plain ]
| 000 -LEADER | |
|---|---|
| fixed length control field | 00462ngm a2200169 i 4500 |
| 001 - CONTROL NUMBER | |
| control field | C2-0319940 |
| 003 - CONTROL NUMBER IDENTIFIER | |
| control field | PPAK |
| 005 - DATE AND TIME OF LATEST TRANSACTION | |
| control field | 20180727221405.0 |
| 008 - FIXED-LENGTH DATA ELEMENTS--GENERAL INFORMATION | |
| fixed length control field | 121204s2012 my |||| ||||| | vlmay d |
| 040 ## - CATALOGING SOURCE | |
| Original cataloging agency | PPAK |
| Language of cataloging | eng |
| Transcribing agency | PPAK |
| Description conventions | rda |
| 245 10 - TITLE STATEMENT | |
| Title | Boboiboy |
| Remainder of title | Vol. 6, Ep. 21 - Finale |
| 264 #1 - PRODUCTION, PUBLICATION, DISTRIBUTION, MANUFACTURE, AND COPYRIGHT NOTICE | |
| Place of production, publication, distribution, manufacture | Kuala Lumpur : |
| Name of producer, publisher, distributor, manufacturer | MVM Home Entertainment , |
| Date of production, publication, distribution, manufacture, or copyright notice | 2012 |
| 336 ## - CONTENT TYPE | |
| Source | rdacontent |
| Content type term | text |
| 337 ## - MEDIA TYPE | |
| Source | rdamedia |
| Media type term | unmediated |
| 338 ## - CARRIER TYPE | |
| Source | rdacarrier |
| Carrier type term | volume |
| 942 ## - ADDED ENTRY ELEMENTS (KOHA) | |
| Source of classification or shelving scheme | Dewey Decimal Classification |
| Koha item type | Digital Video Disc |
No items available.